000 00457nam a22001817a 4500
005 20260529153225.0
008 260529b |||||||| |||| 00| 0 eng d
020 _a9789364682855
_c550.00
040 _aMAIN
041 _aEnglish
082 _a158.3
_bALE
100 _aAlex, K.
_926933
245 _aSoft Skills
_b: Know Yourself and Know the World
260 _aNoida
_bS. Chand
_c2025
300 _a326
650 _aCompetitive Books
942 _cBK
999 _c60917
_d60917